[Event "AUT-ch U10"]
[Site "Mattersburg"]
[Date "2007.??.??"]
[Round "1"]
[White "Andert, Thomas"]
[Black "Heissenberger, Daniel"]
[Result "1-0"]
[WhiteElo "1445"]
[BlackElo "1200"]
[PlyCount "87"]
[EventDate "2007.05.??"]
[EventType "swiss"]
[EventRounds "7"]
[EventCountry "AUT"]
[SourceTitle "EXT 2008"]
[Source "ChessBase"]
[SourceDate "2007.11.25"]
[SourceVersion "1"]
[SourceVersionDate "2007.11.25"]
[SourceQuality "1"]

1. Nf3 Nc6 2. Nc3 d5 3. d4 Nf6 4. Bf4 h6 5. Nb5 Ne4 6. Nxc7+ Kd7 7. Nxa8 g5 8. Bc7 Qe8 9. e3 a6 10. Ne5+ Nxe5 11. Bxe5 f6 12. Bc7 Qg6 13. Bd3 Qf5 14. 0-0 Kc6 15. Qe1 g4 16. Qa5 h5 17. Bxe4 Qxe4 18. Qc5+ Kd7 19. Nb6+ Ke8 20. Nxc8 h4 21. Qb6 g3 22. fxg3 hxg3 23. Bxg3 Qxe3+ 24. Bf2 Qh6 25. h3 Qd2 26. Qxb7 Qxc2 27. Qb8 Rg8 28. Nd6+ Kd7 29. Qb4 exd6 30. Qb7+ Ke6 31. Rae1+ Kf5 32. Qd7+ Kg6 33. Qg4+ Kf7 34. Qd7+ Kg6 35. Qe6 Kh7 36. Qxf6 a5 37. Qf7+ Kh6 38. Be3+ Rg5 39. Qxf8+ Kh5 40. g4+ Kh4 41. Bxg5+ Kxg5 42. Qg7+ Kh4 43. Qh6+ Kg3 44. Re3# 1-0

[Event "AUT-ch U10"]
[Site "Mattersburg"]
[Date "2007.??.??"]
[Round "3"]
[White "Raith, Andreas"]
[Black "Andert, Thomas"]
[Result "1-0"]
[WhiteElo "1293"]
[BlackElo "1445"]
[PlyCount "47"]
[EventDate "2007.05.??"]
[EventType "swiss"]
[EventRounds "7"]
[EventCountry "AUT"]
[SourceTitle "EXT 2008"]
[Source "ChessBase"]
[SourceDate "2007.11.25"]
[SourceVersion "1"]
[SourceVersionDate "2007.11.25"]
[SourceQuality "1"]

1. d4 d5 2. c4 dxc4 3. e4 Bg4 4. Qxg4 Qxd4 5. Qc8+ Qd8 6. Qxd8+ Kxd8 7. Bxc4 e6 8. Nc3 Bb4 9. Bf4 Bxc3+ 10. bxc3 Nf6 11. Rd1+ Ke8 12. f3 Nc6 13. Bb5 a6 14. Bxc6+ bxc6 15. Bxc7 Rc8 16. Be5 Ke7 17. Bxf6+ gxf6 18. Ne2 Rhg8 19. 0-0 Rb8 20. Nd4 c5 21. Nc6+ Ke8 22. Nxb8 Ke7 23. Nc6+ Ke8 24. Rd8# 1-0

[Event "AUT-ch U08"]
[Site "Vienna"]
[Date "2005.05.28"]
[Round "5.2"]
[White "Gerhold, Florian"]
[Black "Andert, Thomas"]
[Result "1-0"]
[WhiteElo "1308"]
[BlackElo "1226"]
[PlyCount "81"]
[EventDate "2005.05.27"]
[EventType "swiss"]
[EventRounds "7"]
[EventCountry "AUT"]
[SourceTitle "EXT 2024"]
[Source "ChessBase"]
[SourceDate "2023.10.10"]
[SourceVersion "1"]
[SourceVersionDate "2023.10.10"]
[SourceQuality "1"]

1. e4 Nf6 2. Nc3 e5 3. Bc4 Bb4 4. a3 Bxc3 5. dxc3 0-0 6. Nf3 d6 7. Bg5 h6 8. Be3 Nxe4 9. Qd3 Nf6 10. 0-0-0 Qd7 11. h3 Qf5 12. Qxf5 Bxf5 13. g4 Be4 14. Be2 Na6 15. g5 hxg5 16. Bxg5 Nd5 17. h4 Nf4 18. Bxf4 exf4 19. Rh2 Rfe8 20. Ng5 Bf5 21. Bd3 Bg4 22. Rdh1 Re7 23. h5 Rae8 24. h6 gxh6 25. Rxh6 Re1+ 26. Rxe1 Rxe1+ 27. Kd2 Rb1 28. Rh7 f6 29. Bc4+ Kf8 30. Rh8+ Kg7 31. Rh4 Bf5 32. Rxf4 fxg5 33. Rxf5 Kg6 34. Rb5 c6 35. Rxb7 Rf1 36. Rxa7 Rxf2+ 37. Ke3 Rxc2 38. Bd3+ Kh5 39. Bxc2 g4 40. Kf2 Kh4 41. Kg2 1-0